[Event "Schleswig Holstein-ch U16 Vormeister"]
[Site "Neumuenster"]
[Date "2011.04.26"]
[Round "2.3"]
[White "Mieck, Jale"]
[Black "Reich, Sven"]
[Result "1-0"]
[WhiteElo "1442"]
[BlackElo "1156"]
[PlyCount "65"]
[EventDate "2011.04.25"]
[EventType "swiss"]
[EventRounds "9"]
[EventCountry "GER"]
[SourceTitle "EXT 2022"]
[Source "ChessBase"]
[SourceDate "2021.10.06"]
[SourceVersion "1"]
[SourceVersionDate "2021.10.06"]
[SourceQuality "1"]

1. e4 e5 2. Nf3 Nc6 3. Bc4 Nf6 4. Ng5 d5 5. exd5 Na5 6. Bb5+ c6 7. dxc6 bxc6 8. Bd3 Ng4 9. Nf3 Bc5 10. 0-0 0-0 11. h3 Nxf2 12. Rxf2 Bxf2+ 13. Kxf2 f5 14. Be2 e4 15. Nh2 f4 16. Kg1 Qg5 17. Bg4 Bxg4 18. Qxg4 Qc5+ 19. Kh1 Rae8 20. Nc3 Qf2 21. Qe2 Qg3 22. Nxe4 Qg6 23. d3 Nb7 24. Qf2 Nd6 25. Nxd6 Qxd6 26. Bd2 a6 27. a3 Rf7 28. Nf3 Rb8 29. Bc3 Re8 30. Ng5 Rd7 31. Ne4 Qf8 32. Bb4 Qf5 33. Nd6 1-0

[Event "Schleswig Holstein-ch U16 Vormeister"]
[Site "Neumuenster"]
[Date "2011.04.26"]
[Round "3.7"]
[White "Reich, Sven"]
[Black "Wiesenfeldt, Daniel"]
[Result "1-0"]
[WhiteElo "1156"]
[BlackElo "960"]
[PlyCount "25"]
[EventDate "2011.04.25"]
[EventType "swiss"]
[EventRounds "9"]
[EventCountry "GER"]
[SourceTitle "EXT 2022"]
[Source "ChessBase"]
[SourceDate "2021.10.06"]
[SourceVersion "1"]
[SourceVersionDate "2021.10.06"]
[SourceQuality "1"]

1. e4 e5 2. Nf3 Nc6 3. Bc4 Nf6 4. Nc3 Bc5 5. d3 Ng4 6. d4 Nxd4 7. Nxd4 Bxd4 8. Qxg4 Bxc3+ 9. bxc3 g6 10. Qf3 f5 11. exf5 gxf5 12. Qh5+ Ke7 13. Bg5+ 1-0

[Event "Schleswig Holstein-ch U14 VM"]
[Site "Neumuenster"]
[Date "2008.03.28"]
[Round "7"]
[White "Steffen, Sebastian"]
[Black "Reich, Sven"]
[Result "1/2-1/2"]
[WhiteElo "918"]
[BlackElo "749"]
[PlyCount "56"]
[EventDate "2008.03.24"]
[EventType "swiss"]
[EventRounds "9"]
[EventCountry "GER"]
[SourceTitle "EXT 2009"]
[Source "ChessBase"]
[SourceDate "2008.11.26"]
[SourceVersion "1"]
[SourceVersionDate "2008.11.26"]
[SourceQuality "1"]

1. e4 e5 2. Nf3 Nc6 3. Bc4 Nf6 4. Ng5 d5 5. exd5 Na5 6. Bb3 Nxb3 7. axb3 Qxd5 8. Rg1 Be7 9. Nc3 Qd8 10. d3 h6 11. Nf3 Bg4 12. h3 Bxf3 13. Qxf3 b6 14. Nb5 0-0 15. Qg3 a6 16. Nc3 Bb4 17. Bxh6 Nh5 18. Qg4 Qf6 19. Qxh5 Qxh6 20. Qxh6 gxh6 21. 0-0-0 Bxc3 22. bxc3 Ra7 23. Rge1 f6 24. d4 exd4 25. cxd4 c5 26. d5 b5 27. d6 Kf7 28. g4 Rd8 1/2-1/2

[Event "Schleswig Holstein-ch U14 VM"]
[Site "Neumuenster"]
[Date "2008.03.25"]
[Round "2"]
[White "Reich, Sven"]
[Black "Kratzat, Ole"]
[Result "1-0"]
[WhiteElo "749"]
[BlackElo "930"]
[PlyCount "69"]
[EventDate "2008.03.24"]
[EventType "swiss"]
[EventRounds "9"]
[EventCountry "GER"]
[SourceTitle "EXT 2009"]
[Source "ChessBase"]
[SourceDate "2008.11.26"]
[SourceVersion "1"]
[SourceVersionDate "2008.11.26"]
[SourceQuality "1"]

1. e4 e5 2. Nf3 Nf6 3. Nc3 d6 4. Bc4 c6 5. d3 d5 6. exd5 cxd5 7. Bb3 Bg4 8. Qe2 Nc6 9. d4 e4 10. Ba4 Be7 11. Bg5 exf3 12. gxf3 Bd7 13. Rg1 Nxd4 14. Bxd7+ Qxd7 15. Qd3 Qe6+ 16. Be3 Bc5 17. 0-0-0 Nxf3 18. Nb5 Bxe3+ 19. fxe3 Rc8 20. Rxg7 Ne5 21. Qb3 Nc4 22. Qa4 Nd7 23. Rg2 Qe5 24. c3 Qxe3+ 25. Rgd2 Ke7 26. Nd4 Nxd2 27. Nf5+ Kd8 28. Nxe3 Nf3 29. Rxd5 Nfe5 30. Qh4+ f6 31. Qxf6+ Kc7 32. Qd6+ Kd8 33. Qxe5 Re8 34. Qf6+ Kc7 35. Qd6+ 1-0